| 000 | 02124nam0a2200409 4500 | ||
|---|---|---|---|
| 001 | RU\NLR\bibl\855194 | ||
| 005 | 20260405083507.0 | ||
| 010 |
_a5-7695-1792-1 _95100 |
||
| 021 |
_aRU _b2005-28182 _91416 |
||
| 035 | _a(nilc)RSL-KNO-002603856 | ||
| 035 | _a(NLR Aleph) 000843919 | ||
| 090 |
_a1437772 _c1437772 |
||
| 100 | _a20050517d2005 |||y0rusy50 ca | ||
| 101 | 0 | _arus | |
| 102 | _aRU | ||
| 105 | _aa ||||||||| | ||
| 106 | _ar | ||
| 200 | 1 |
_aОбщая химическая технология _eучеб. пособие для студентов вузов, обучающихся по направлению подгот. 656100 "Технология и конструирование изделий легкой пром-сти" по спец. 281000 "Технология кожи и меха" _fБ.П. Кондауров, В.И. Александров, А.В. Артемов |
|
| 210 |
_aМ. _cAcademia _d2005 _gГУП Сарат. полигр. комб. |
||
| 215 |
_a332, [1] с. _cил. _d22 |
||
| 225 | 1 |
_aВысшее профессиональное образование _iХимическая технология |
|
| 225 | 1 | _aУчебное пособие | |
| 320 | _aБиблиогр.: с. 328 (16 назв.) | ||
| 606 | 1 |
_aХимическая технология _jУчебные издания для высших учебных заведений _9920483 _3RU\NLR\auth\6618406 |
|
| 610 | 0 | _aХимическая технология. Химические производства -- Учебник для высшей школы | |
| 686 |
_aЛ10я73-1 _2rubbk |
||
| 686 | _aЛ10я73-1 | ||
| 700 | 1 |
_aКондауров _bБ. П. _gБорис Петрович _4070 |
|
| 701 | 1 |
_4070 _8rus _7ca _aАлександров _bВ. И. _cканд. хим. наук _gВалентин Иванович _3RU\NLR\auth\7729915 _912942 |
|
| 701 | 1 |
_aАртемов _bА. В. _gАрсений Валерьевич _4070 |
|
| 801 | 0 |
_aRU _bRuMoRKP _c20050517 _grcr |
|
| 801 | 1 |
_aRU _bRuMoRGB _c20050517 |
|
| 801 | 2 |
_aRU _bNLR _c20051018 _grcr |
|
| 942 | _cBOOK | ||
| 980 | _aNB | ||